| 000 | 00930cam a2200181 i 4500 | ||
|---|---|---|---|
| 020 | _a0309025745 (v. 1) | ||
| 082 | 0 | 0 |
_a625.8 _a625.8 _bNAT |
| 245 | 1 | 0 |
_aSkidding accidents : _bproceedings of a conference conducted by the Transportation Research Board, May 2-6, 1977. |
| 260 |
_aWashington : _bTransportation Research Board, Commission on Sociotechnical Systems, National Research Council, National Academy of Sciences, _c1976. |
||
| 300 |
_a4 v. : _bill. ; _c24 cm. |
||
| 505 | 0 | _a[1] Tires, vehicles, and vehicle components.--[2] Pavement characteristics.--[3] Wet-weather accident experience, human factors, and legal aspects.--[4] Ancillary papers. | |
| 526 |
_a0 _b0 _c0 _d625_800000000000000_NAT |
||
| 650 | 0 |
_aMCE _9379 |
|
| 650 | 0 |
_aMotor vehicles _xSkidding _xCongresses. _921180 |
|
| 650 | 0 |
_aPavements _xDesign and construction _xCongresses. _938326 |
|
| 710 | 2 |
_aNational Research Council (U.S.). _920017 |
|
| 942 |
_2ddc _cBK |
||
| 999 |
_c547603 _d547603 |
||